| Поле | Инд. | ПП | Название | Значение |
|---|---|---|---|---|
| Тип записи | a | |||
| Библиографический уровень | m | |||
| 001 | Контрольный номер | RU/IS/BASE/362061692 | ||
| 005 | Дата корректировки | 20140703195450.3 | ||
| 040 | a | Служба первич. каталог. | НБ ТвГУ | |
| b | Код языка каталог. | rus | ||
| e | Правила каталог. | PSBO | ||
| 041 | 0_ | a | Код языка текста | rus |
| 080 | a | Индекс УДК | 1(470)(091)"18"(043.3) | |
| 080 | a | Индекс УДК | 929Леонтьев | |
| 080 | a | Индекс УДК | 929Данилевский | |
| 084 | a | Индекс другой классификации/Индекс ББК | Ю3(2)5я031 | |
| 084 | a | Индекс другой классификации/Индекс ББК | Ю3(2)51я031 | |
| 090 | a | Полочн. индекс | Ю3(2)5 | |
| x | Авторский знак | Г 16 | ||
| 100 | 1_ | a | Автор | Галузина Елена Васильевна |
| q | Полное имя | Галузина Е. В. | ||
| 245 | 10 | a | Заглавие | Ценностные основания национальной идентичности в трудах русских консерваторов XIX - начала XX в. |
| b | Продолж. заглавия | дис. ... к.филос.н. : 09.00.03 | ||
| c | Ответственность | Твер. гос. ун-т | ||
| 260 | a | Место издания | Тверь | |
| c | Дата издания | 2011 | ||
| 300 | a | Объем | 184 с. | |
| 500 | a | Примечание | На правах рукоп. | |
| 502 | a | Примечание о диссертации | Дис. (канд.) - Тверской государственный университет, 2011 | |
| 504 | a | Библиография | Библиогр.: с. 167-184 (231 назв.) | |
| 653 | a | Ключевые слова | 19 в. | |
| a | Ключевые слова | Данилевский, Николай Яковлевич, о нем | ||
| a | Ключевые слова | Диссертации | ||
| a | Ключевые слова | Леонтьев, Константин Николаевич, о нем | ||
| a | Ключевые слова | Политические ценности | ||
| a | Ключевые слова | Русская государственность | ||
| a | Ключевые слова | Русская литература | ||
| a | Ключевые слова | Русская философия | ||
| a | Ключевые слова | Славянофилы | ||
| a | Ключевые слова | Труды Тверского государственного университета | ||
| a | Ключевые слова | Философия славянофилов | ||
| 710 | a | Организация/ юрисдикция | Тверской государственный университет | |
| 901 | t | Тип документа | m | |
| 920 | a | Оператор | Густ | |
| 930 | a | Новая/Ретро | диссертации | |
| 952 | c | Вид литературы | Дис н | |
| 954 | a | Дата поступления на обработку | 20110627 |